00924nab a22001937a 4500003000400000005001700004008004100021040000700062245010900069260007200178300001300250500005000263505012800313505008900441650002000530650002800550650002000578773013200598OSt20260116172857.0190605e xxu||||| |||| 00| 0 spa d cPJ10aElecciones sindicales en Argentina. La oposición del empleador, en abstracto /cMaría Laura Elmelaj. aCiudad Autónoma de Buenos Aires :bThomson Reuters La Ley,c2025. ap. 81-93 aCita Online: Cita: TR LALEY AR/DOC/857/2025. aSumario: I. Introducción.— II. La impugnación, en términos generales.— III. Conclusiones.— IV. Bibliografía.  t¿Te interesa el texto completo? Solicitalo al correo: koha@justierradelfuego.gov.ar 0aDERECHO LABORAL 0aASOCIACIONES SINDICALES 0aTUTELA SINDICAL0 02711dCiudad Autónoma de Buenos Aires : Thomson Reuters La Ley, 1999-2002.tRevista de derecho del trabajo. Nº 3 - Mayo 2025